000
00316nam a2200145 4500
008
190521s2006||||CZ d
245
1
0
_a
Inteligence
260
_a
Bratislava
_c
2006
_b
Eugenika
250
_a
1.vydanie
300
_a
205s.
020
_a
8089227422
_c
0
041
1
_a
cze
044
_a
CZ
958
_a
AUL
999
_c
22426
_d
22426